000 00655nam a2200289Ia 4500
005 20260324113018.0
008 008 260324s9999 xx 000 0 eng d
020 _a9781003534662
037 _aEBOOK
040 _aCRL
040 _beng
040 _cCRL
041 _2eng
041 _aeng
084 _qCRL
100 _aHardeep Singh Tuli
245 0 _aAnticancer Spices
245 0 _bDietary Input to Health
260 _bTaylor and Francis
260 _c2024
365 _a
365 _b160
856 _uhttp://www.taylorfrancis.com/books/9781003534662
942 _cEBOOK
999 _c1734483
_d1734483